Estatísticas para Fornecedoras de material esportivo das seleções da Copa do Mundo 2022

Clique aqui para jogar o quiz

Estatísticas Gerais

  • Esse quiz foi jogado 105 vezes
  • A pontuação média é 4 de 9

Estatísticas das Respostas

SeleçõesFornecedora% Correto
Alemanha, Argentina, Bélgica, Espanha, Japão, México, País de GalesAdidas
100%
Arábia Saudita, Austrália, Brasil, Canadá, Catar, Coreia do Sul, Croácia, Estados Unidos, França, Inglaterra, Países Baixos, Polônia, PortugalNike
100%
Gana, Marrocos, Senegal, Sérvia, Suíça, UruguaiPuma
94%
Costa RicaNew Balance
44%
TunísiaKappa
35%
DinamarcaHummel
23%
EquadorMarathon
22%
CamarõesMacron
9%
IrãMajid
8%

Distribuição das Pontuações

Percentil de Números Respondidos

Porcentagem de Pessoas com Cada Pontuação

Sua Pontuação Histórica

Você não jogou esse quiz